AFACANLAR ÇETESİ (Record no. 1204032)
[ view plain ]
| 000 -LEADER | |
|---|---|
| sabit uzunluktaki kontrol alanı | 00250nam a2200097Ia 4500 |
| 001 - KONTROL NUMARASI | |
| kontrol alanı | 1204032 |
| 005 - EN SON İŞLEMİN TARİH VE ZAMANI | |
| kontrol alanı | 20250827022720.0 |
| 008 - SABİT-UZUNLUKTA VERİ ÖĞELERİ--GENEL BİLGİ | |
| sabit uzunluktaki kontrol alanı | 250824s9999 xx 000 0 und d |
| 245 #0 - ESER / YAZAR | |
| ESER ADI | AFACANLAR ÇETESİ |
| Yazar Adı | NESRİN AYDIN ERDEM |
| 260 ## - YAYIN, DAĞITIM, VB. | |
| YAYIN EVİ | ÇOCUK GEZGİNİ |
| Düşüm durumu | Kayıp durumu | Hasar Durumu | Ödünç verilmez | Ana kütüphane | Geçerli Kütüphane | Edinilen tarih | Toplam ödünç verme sayısı | Barkod | İade tarihi | Son görüntüleme tarihi | Son ödünç verme tarihi | Fiyatın geçerli olmaya başladığı tarih | Koha materyal türü |
|---|---|---|---|---|---|---|---|---|---|---|---|---|---|
| MAHMUT SAMİ RAZAMANOĞLU KIZ İMAM HATİP LİSESİ | MAHMUT SAMİ RAZAMANOĞLU KIZ İMAM HATİP LİSESİ | 24.08.2025 | 2 | 110010451 | 09.05.2026 | 24.04.2026 | 24.04.2026 | 27.08.2025 | Books |